| 000 | 00933 a2200229 4500 | ||
|---|---|---|---|
| 001 | 30969 | ||
| 005 | 20260407155618.0 | ||
| 008 | 260407a2008 arg spa d | ||
| 003 | AR-UNSa-BCEJYS | ||
| 040 |
_aAR-UNSa-BCEJYS _bspa _cAR-UNSa-BCEJYS |
||
| 080 |
_a347.65 _xDerecho de sucesiones. Derecho hereditario |
||
| 245 | 1 | 0 | _aLa acción de reducción |
| 020 | _a978-987-1123-51-3 | ||
| 264 | 1 |
_aCórdoba : _bAcademia Nacional de Derecho y Ciencias Sociales de Córdoba _c2008 |
|
| 300 |
_a329 p. _c22 cm. |
||
| 505 | _a1. La libertad de testar y sus límites - 2. La legítima - 3. Determinación de la legítima - 4. Protección de la legítima. Acciones de complemento y reducción | ||
| 041 | _aspa | ||
| 942 | _cBK | ||
| 590 | _aniveau_biblio:m niveau_hierar:0 | ||
| 100 | 1 | _aNatale, Roberto M. | |
| 856 | 4 | 1 |
_uhttps://biblioeco.unsa.edu.ar/pmb/images/libros/La accion de reduccion-l118587.jpg _yImagen de portada _qimage/jpeg |
| 999 |
_c2151 _d2151 |
||